Intermediate Algebra : the lenguaje and symbolism of matematics

Bibliographic Details
Main Author: Hall, James W.
Format: Section = Libro
Language:Undetermined
Spanish
Published: Boston McGraw-Hill 2007
Subjects:
LEADER 00548nam a2200205Ia 4500
008 240829s9999 xx 000 0 und d
020 |a 978-0-07-249582 
040 |a BIBLIOTECA-RUSB/ 512.9 H174 
041 |a spa 
082 |a 512.9 H174 
100 1 |a Hall, James W. 
245 1 0 |a Intermediate Algebra : the lenguaje and symbolism of matematics 
260 |a Boston  |b McGraw-Hill  |c 2007 
300 |a 953 p. :il. 
650 7 |a ALGEBRA 
650 7 |b  ECUACIONES 
650 7 |c  LOGARITMOS. Mercer, Brian A. 
942 |c BK  |2 ddc 
991 |a TEXTO 
999 |c 1495